000 00655cab a2200229 4500
001 WB2502-08
008 090401t1989 xxu||||| |||| 00| 0 eng d
035 _a(Sirsi) u30581
041 _aeng
245 _aResidents threaten legal action
260 _c1989
350 _a0
490 _aBuilding
_vvol 254 no 7580, 13/1/89 p7
520 _aDozens of purchasers are threatening to sue Beazer over appalling workmanship discovered in their new houses. Details.
650 _aBUILDING DEFECTS
650 _aDAMP COURSES
650 _aHOUSE BUILDING
650 _aWALL TIES
690 _aBUILT ENVIRONMENT
942 _n0
948 _c04/03/1997
999 _c20617
_d20617